| 000 | 00844nam a2200253 4500 | ||
|---|---|---|---|
| 003 | OSt | ||
| 005 | 20240620080417.0 | ||
| 006 | a | ||
| 008 | 240620b |||||||| |||| 00| 0 eng d | ||
| 020 | _a9780123747501 | ||
| 040 |
_aDWCL-Main lib. _cOC |
||
| 082 |
_2Fourth edition _aCirc. 004.22 P317c 2012 |
||
| 100 | _aPatterson, David A. | ||
| 245 | _aComputer organization and design : the Hardware/Software interface / | ||
| 250 | _aFourth edition | ||
| 260 |
_aWaltham, MA : _bMorgan Kaufman, _cc2012. |
||
| 300 |
_axxv, _bVarious paging : ill. ; _c24 cm. |
||
| 490 | _3The Morgan Kaufman Series in computer architecture and design | ||
| 504 | _aIncludes index. | ||
| 650 | _a1. Computer organization. | ||
| 650 | _a2. Computer engineering. | ||
| 650 | _a3. Computer interfaces. | ||
| 942 |
_2ddc _n0 _cBK-CIRC _eFourth edition _kCirc. |
||
| 999 |
_c1012 _d1012 |
||